| 000 | 00909nam a2200145 a 4500 | ||
|---|---|---|---|
| 008 | 120813s2012 ||||||||||||||||| || u | ||
| 050 | _aUNECE(02) | ||
| 110 | _aUnited Nations Economic Commission for Europe (UNECE) | ||
| 245 | 1 | 0 |
_aMobile business: developing guiding principles, measures and good practice for the adoption, implementation and operation of mobile business (mBusiness) to facilitate international trade _cUnited Nations Economic Commission for Europe [UN-ECE] and the United Nations Centre for Trade Facilitation and Electronic Business (UN/CEFACT) |
| 260 |
_aGeneva: _bUnited Nations Economic Commission for Europe (UNECE) _c2012 |
||
| 300 | _a8p. | ||
| 650 | _aELECTRONIC COMMERCE--EAST AFRICAN COMMUNITY | ||
| 856 | _uhttp://www.unece.org/cefact/ | ||
| 995 |
_FCBU-MAIN LIBRARY (Kitwe) _M1 _UAVAILABLE _WAug 16, 2012 _ZInternational Publications |
||
| 999 |
_c51343 _d51343 |
||